Cases in laboratory genetics and genomics (LGG) practice /

Cases in Laboratory Genetics and Genomics (LGG) Practice instructs readers in the lab-based diagnosis of genetic conditions, including inborn and acquired disorders using cytogenetics and molecular genetics technologies.

Bibliographic Details
Main Author: Li, Xia
Corporate Author: ScienceDirect (Online service)
Format: eBook
Language:English
Published: London : Academic Press, 2023.
Subjects:
Online Access:Connect to the full text of this electronic book

MARC

Tag First Indicator Second Indicator Subfields
LEADER 00000cam a22000007a 4500
001 in00005771809
005 20260327174523.0
006 m o d
007 cr un|---aucuu
008 230609s2023 enk o 001 0 eng d
040 |a YDX  |b eng  |c YDX  |d OPELS  |d OCLCF  |d OCLCO  |d N$T  |d UKKRT  |d OCLCQ  |d OCLCL  |d SFB  |d OCLCO 
020 |a 9780323996235  |q (electronic bk.) 
020 |a 032399623X  |q (electronic bk.) 
020 |z 9780323996228 
020 |z 0323996221 
035 |a (OCoLC)1381441649 
050 4 |a RB155.6 
082 0 4 |a 616.042  |2 23/eng/20230705 
049 |a TXAM 
100 1 |a Li, Xia. 
245 1 0 |a Cases in laboratory genetics and genomics (LGG) practice /  |c Xia Li. 
260 |a London :  |b Academic Press,  |c 2023. 
300 |a 1 online resource 
336 |a text  |b txt  |2 rdacontent 
337 |a computer  |b c  |2 rdamedia 
338 |a online resource  |b cr  |2 rdacarrier 
588 0 |a Print version record. 
505 0 |a Intro -- Cases in Laboratory Genetics and Genomics (LGG) Practice -- Copyright -- Dedication -- Contents -- Contributors -- Foreword -- Preface -- Acknowledgments -- Part I: Inborn diseases -- Chapter 1: Multiple congenital anomalies and developmental delay -- Background -- Case 1.1 Multiple congenital anomalies caused by an unbalanced translocation -- Clinical indication -- Test ordered -- Laboratory test performed -- Test results -- Results with interpretations -- Future testing and recommendations -- Case 1.2 Recombinant chromosome 8 syndrome -- Clinical indication -- Test ordered -- Laboratory test performed -- Test results -- Results with interpretations -- Future testing and recommendations -- Case 1.3 Multiple congenital anomalies caused by an unbalanced translocation and a deletion -- Clinical indication -- Test ordered -- Laboratory test performed -- Test results -- Results with interpretations -- Future testing and recommendations -- Case 1.4 Diamond-Blackfan anemia -- Clinical indication -- Test ordered -- Laboratory test performed -- Test results -- Results with interpretations -- Future testing and recommendations -- Summary of key learning points -- References -- Chapter 2: Molar pregnancy -- Background -- Case 2.1 Complete mole -- Clinical indication -- Test ordered -- Laboratory test performed -- Test results -- Results with interpretations -- Future testing and recommendation -- Case 2.2 Partial mole -- Clinical indication -- Test ordered -- Laboratory test performed -- Test results -- Results with interpretations -- Future testing and recommendations -- Summary of key learning points -- References -- Chapter 3: Sex chromosomal abnormalities -- Background -- Case 3.1 Female with 45,X/46,XY mosaicism -- Clinical indication -- Test ordered -- Laboratory test performed -- Test results -- Results with interpretations. 
505 8 |a Future testing and recommendations -- Case 3.2 Sex reversal -- Clinical indication -- Test ordered -- Laboratory test performed -- Test results -- Results with interpretations -- Future testing and recommendations -- Case 3.3 Variant turner syndrome -- Clinical indication -- Test ordered -- Laboratory test performed -- Test results -- Results with interpretations -- Future testing and recommendations -- Case 3.4 Indeterminate sex with an abnormal Y chromosome -- Clinical indication -- Test ordered -- Test results -- Results with interpretation -- Future testing and recommendations -- Case 3.5 Klinefelter syndrome (47,XXY) -- Clinical indication -- Test ordered -- Laboratory test performed -- Test results -- Results with interpretations -- Future testing and recommendations -- Case 3.6 Klinefelter syndrome variant (48,XXYY syndrome) -- Clinical indication -- Test ordered -- Laboratory test performed -- Test results -- Results with interpretations -- Future testing and recommendations -- Summary of key learning points -- References -- Chapter 4: Consanguinity -- Background -- Case 4.1 Multiple congenital anomalies due to family history of consanguinity -- Clinical indication -- Test ordered -- Laboratory test performed -- Test results -- Results with interpretations -- Future testing and recommendations -- Case 4.2 Multiple developmental disorders due to consanguinity and Charcot-Marie-tooth disease type 1A -- Clinical indication -- Test ordered -- Laboratory test performed -- Test results -- Results with interpretations -- Future testing and recommendations -- Summary of key learning points -- References -- Chapter 5: Uniparental disomy and imprinting disorders -- Background -- Case 5.1 Prader-Willi syndrome -- Clinical indication -- Test ordered -- Laboratory test performed -- Test results -- Results with interpretations. 
505 8 |a Future testing and recommendation -- Case 5.2 Prader-Willi/Angelman syndrome -- Clinical indication -- Test ordered -- Laboratory test performed -- Test results -- Results with interpretations -- Future testing and recommendations -- Case 5.3 Angelman syndrome -- Clinical indication -- Test ordered -- Laboratory test performed -- Test results -- Results with interpretations -- Future testing and recommendations -- Case 5.4 Gaucher disease -- Clinical indication -- Test ordered -- Laboratory test performed -- Test results -- Results with interpretations -- Future testing and recommendations -- Case 5.5 Uniparental disomy 7 -- Clinical indication -- Test ordered -- Laboratory test performed -- Test results -- Results with interpretations -- Future testing and recommendations -- Summary of key learning points -- References -- Chapter 6: Pallister-Killian syndrome -- Background -- Case 6.1 Pallister-Killian syndrome -- Clinical indication -- Test ordered -- Laboratory test performed -- Test results -- Results with interpretations -- Future testing and recommendations -- Case 6.2 Pallister-Killian syndrome -- Clinical indication -- Test ordered -- Laboratory test performed -- Test results -- Results with interpretations -- Future testing and recommendation -- Summary of key learning points -- References -- Chapter 7: Fragile X syndrome -- Background -- Case 7.1 Fragile X syndrome in a male with a full mutation -- Clinical indication -- Test ordered -- Laboratory test performed -- Test results -- Results with interpretations -- Future testing and recommendations -- Case 7.2 Fragile X syndrome in a female with a full mutation -- Clinical indication -- Test ordered -- Laboratory test performed -- Test results -- Results with interpretations -- Future testing and recommendations -- Summary of key learning points -- References -- Chapter 8: Overgrowth syndrome. 
505 8 |a Background -- Case 8.1 Sotos syndrome -- Clinical indication -- Tests ordered -- Laboratory test performed -- Test results -- Results with interpretations -- Future testing and recommendations -- Case 8.2 Somatic overgrowth syndrome with PIK3CA mutation -- Clinical indication -- Test ordered -- Laboratory test performed -- Test results -- Results with interpretations -- Future testing and recommendations -- Summary of key learning points -- References -- Chapter 9: Contiguous gene syndrome -- Background -- Case 9.1 Haploinsufficiency of A20 (HA20) with 3.4Mb deletion -- Clinical indication -- Test ordered -- Laboratory test performed -- Test results -- Results with interpretations -- Future testing and recommendation -- Case 9.2 Haploinsufficiency of A20 (HA20) with 11.7Mb deletion -- Clinical indication -- Test ordered -- Laboratory test performed -- Test results -- Results with interpretations -- Future testing and recommendation -- Case 9.3 Contiguous gene syndrome with duplication of 22q11.2q12.1 -- Clinical indication -- Test ordered -- Laboratory test performed -- Test results -- Results with interpretations -- Future testing and recommendation -- Case 9.4 Contiguous gene syndrome with duplication of 6q16.1q23.3 -- Clinical indication -- Test ordered -- Laboratory test performed -- Test results -- Results with interpretations -- Future testing and recommendation -- Case 9.5 DiGeorge/Velo-cardio-facial (VCF) syndrome (22q11.2 deletion syndrome) -- Clinical indication -- Test ordered -- Laboratory test performed -- Test results -- Results with interpretations -- Future testing recommendation -- Case 9.6 Contiguous gene syndrome with a deletion of 1q43q44 -- Clinical indication -- Test ordered -- Laboratory test performed -- Test results -- Results with interpretations -- Future testing recommendation -- Summary of key learning points. 
520 |a Cases in Laboratory Genetics and Genomics (LGG) Practice instructs readers in the lab-based diagnosis of genetic conditions, including inborn and acquired disorders using cytogenetics and molecular genetics technologies. 
650 0 |a Genetic disorders  |x Diagnosis  |v Case studies. 
650 0 |a Diagnosis, Laboratory  |v Case studies. 
650 0 |a Genetic screening. 
650 2 2 |a Genetic Testing 
650 1 2 |a Genetic Diseases, Inborn  |x diagnosis 
650 6 |a Maladies génétiques  |x Diagnostic  |v Études de cas. 
650 6 |a Diagnostics biologiques  |v Études de cas. 
650 6 |a Dépistage génétique. 
650 7 |a Diagnosis, Laboratory  |2 fast 
650 7 |a Genetic disorders  |x Diagnosis  |2 fast 
655 7 |a Electronic books.  |2 local 
655 7 |a Case studies  |2 fast 
710 2 |a ScienceDirect (Online service) 
776 0 8 |i Print version:  |z 9780323996235 
776 0 8 |i Print version:  |z 0323996221  |z 9780323996228  |w (OCoLC)1356232508 
776 0 8 |i Print version:  |a LI, XIA.  |t CASES IN LABORATORY GENETICS AND GENOMICS (LGG) PRACTICE.  |d [S.l.] : ELSEVIER ACADEMIC PRESS, 2023  |z 0323996221  |w (OCoLC)1356232508 
856 4 0 |u http://proxy.library.tamu.edu/login?url=https://www.sciencedirect.com/science/book/9780323996228  |z Connect to the full text of this electronic book  |t 0 
955 |a Elsevier ScienceDirect 2026-2027 
994 |a 92  |b TXA 
999 f f |i 454a72ea-cc02-4f57-bc1a-006fd95dfc10  |s 448d4b29-bcf6-4a54-b80a-e446eaa2478b  |t 0 
952 f f |a Texas A&M University  |b College Station  |c Electronic Resources  |s www_evans  |d Available Online  |t 0  |e RB155.6   |h Library of Congress classification 
998 f f |a RB155.6   |t 0  |l Available Online